Kamalakanter daptor (Record no. 6457)
[ view plain ]
| 000 -LEADER | |
|---|---|
| fixed length control field | 00514cam a2200205ua 4500 |
| 001 - CONTROL NUMBER | |
| control field | 7337 |
| 005 - DATE AND TIME OF LATEST TRANSACTION | |
| control field | 20260515114209.0 |
| 008 - FIXED-LENGTH DATA ELEMENTS--GENERAL INFORMATION | |
| fixed length control field | 141218n ii |||gr||||Z||||||ben |
| 040 ## - CATALOGING SOURCE | |
| Transcribing agency | MAIN |
| 041 ## - LANGUAGE CODE | |
| Language code of text/sound track or separate title | ben |
| 082 ## - DEWEY DECIMAL CLASSIFICATION NUMBER | |
| Classification number | 891.444 |
| 100 ## - MAIN ENTRY--PERSONAL NAME | |
| Personal name | Bagshi, S.S., |
| Relator term | Editor. |
| 245 ## - TITLE STATEMENT | |
| Title | Kamalakanter daptor |
| Statement of responsibility, etc. | Edited by Sasanka Sekhar Bagshi |
| 250 ## - EDITION STATEMENT | |
| Edition statement | 4th. |
| 260 ## - PUBLICATION, DISTRIBUTION, ETC. | |
| Place of publication, distribution, etc. | Kolkatta: |
| Name of publisher, distributor, etc. | Modern, |
| Date of publication, distribution, etc. | 1964. |
| 300 ## - PHYSICAL DESCRIPTION | |
| Extent | 185p. |
| 653 ## - INDEX TERM--UNCONTROLLED | |
| Uncontrolled term | East Indo-European & Celtic literatures |
| 653 ## - INDEX TERM--UNCONTROLLED | |
| Uncontrolled term | Bengali essays |
| 942 ## - ADDED ENTRY ELEMENTS (KOHA) | |
| Koha item type | Books |
| Withdrawn status | Lost status | Damaged status | Not for loan | Home library | Current library | Shelving location | Date acquired | Total checkouts | Full call number | Barcode | Date last seen | Copy number | Price effective from | Koha item type |
|---|---|---|---|---|---|---|---|---|---|---|---|---|---|---|
| Naharkatiya College Library | Naharkatiya College Library | General stacks | 09/19/2020 | 891.444 | KAM | 12205 | 09/19/2020 | 1 | 09/19/2020 | Books | |||||
| Naharkatiya College Library | Naharkatiya College Library | General stacks | 09/19/2020 | 891.444 | KAM | 12222 | 09/19/2020 | 4 | 09/19/2020 | Books | |||||
| Naharkatiya College Library | Naharkatiya College Library | General stacks | 09/19/2020 | 891.444 | KAM | 12223 | 09/19/2020 | 2 | 09/19/2020 | Books | |||||
| Naharkatiya College Library | Naharkatiya College Library | General stacks | 09/19/2020 | 891.444 | KAM | 12224 | 09/19/2020 | 3 | 09/19/2020 | Books | |||||
| Naharkatiya College Library | Naharkatiya College Library | General stacks | 09/19/2020 | 891.444 | KAM | 12345 | 09/19/2020 | 5 | 09/19/2020 | Books | |||||
| Naharkatiya College Library | Naharkatiya College Library | General stacks | 09/19/2020 | 891.444 | KAM | 12346 | 09/19/2020 | 6 | 09/19/2020 | Books | |||||
| Naharkatiya College Library | Naharkatiya College Library | General stacks | 09/19/2020 | 891.444 | KAM | 12347 | 09/19/2020 | 7 | 09/19/2020 | Books |